Co to jest za państwo po krajobrazie #1 - Statystyki

Ogólne statystyki
  • Ten quiz został rozwiązany 41 razy
  • Średni wynik to 8 z 16
Statystyki odpowiedzi
Obrazkowy Odpowiedź % Poprawnych
Polska
97%
Stany Zjednoczone
91%
Japonia
88%
Niemcy
85%
Finlandia
76%
Mongolia
64%
Grecja
52%
Wielka Brytania, Szkocja
52%
Dania
48%
Madagaskar
33%
Malezja
33%
Nowa Zelandia
21%
Meksyk
15%
Tunezja
15%
Chile
9%
Republika Południowej Afryki
9%
Nie znaleziono quizów pasujących do podanych kryteriów
Rozkład punktacji
Procent ludzi z każdym wynikiem
Percentyl według liczby udzielonych odpowiedzi
Twoja historia wyników
Nie rozwiązałeś tego quizu